|
|
|
|
| LEADER |
00000nam a2200000 a 4500 |
| 001 |
vtls009162938 |
| 003 |
SK-MaSNL |
| 005 |
20260301081352.0 |
| 008 |
240318s2007 xo a c p 001 0 slo |
| 015 |
|
|
|a SNBA2008/02-00526
|
| 020 |
|
|
|a 9788071587989
|q (brož.)
|
| 035 |
|
|
|a BAE6FE32-51D4-40F5-8FEF-4442DBB29759
|
| 035 |
|
|
|a urn:nbn:sk:snk-amjvd6
|
| 035 |
|
|
|a urn:nbn:sk:snk-am007yx4
|
| 040 |
|
|
|a SNK
|b slo
|c SNK
|e AACR2
|
| 041 |
0 |
|
|a slo
|
| 044 |
|
|
|a xo
|c SK
|
| 072 |
|
7 |
|a 57
|x Všeobecná biológia
|2 konspekt
|
| 080 |
|
|
|a 57.081.1
|2 2001
|
| 080 |
|
|
|a (075.2)
|2 2001
|
| 100 |
1 |
|
|a Kopáčová, Jana
|4 aut
|9 15031
|
| 245 |
1 |
0 |
|a Prírodoveda pre 4. ročník ZŠ
|n 1. časť
|c [Jana Kopáčová, Mária Kubovičová, Vladimír Kozinka ; ilustrácie: Jana Malotová, Milica Menclová]
|
| 250 |
|
|
|a 1. vyd.
|
| 260 |
|
|
|a Bratislava
|b Orbis Pictus Istropolitana
|c 2007
|
| 300 |
|
|
|a 64 s.
|b fareb. ilustr.
|c 29 cm
|
| 504 |
|
|
|a Reg.
|
| 650 |
0 |
7 |
|a prírodoveda
|2 SNKPH
|9 3960
|
| 650 |
0 |
7 |
|a Natural history
|2 SNKPHeng
|9 278510
|
| 655 |
|
7 |
|a učebnice základných škôl
|2 SNKPH
|9 70187
|
| 655 |
|
7 |
|a Textbooks (elementary)
|2 SNKPHeng
|9 276977
|
| 700 |
1 |
|
|a Kubovičová, Mária
|4 aut
|
| 700 |
1 |
|
|a Kozinka, Vladimír,
|d 1927-2021
|4 aut
|9 111835
|
| 700 |
1 |
|
|a Malotová, Jana
|4 ill
|9 45519
|
| 700 |
1 |
|
|a Menclová, Milica
|c (ilustrátorka)
|4 ill
|9 12815
|
| 919 |
|
|
|a 978-80-7158-798-9
|
| 968 |
|
|
|d 37
|
| 999 |
|
|
|c 655697
|d 657627
|
| 952 |
|
|
|a SNK
|b SNK
|y PREZ
|7 0
|p 17A0571601
|o snkSB 75384/1
|i snk2007/26010
|8 0
|0 0
|1 0
|4 0
|d 2007-11-27
|f 1
|l 0
|r 2025-04-28 00:00:00
|w 2026-02-23
|
| 952 |
|
|
|a SNK
|b SNK
|y VYP
|7 0
|p 17A0571602
|o snkSB 75384/1 D1
|i snk2007/26011
|8 0
|0 0
|1 0
|4 0
|d 2007-11-27
|l 0
|r 2016-06-30 00:00:00
|w 2026-02-23
|